000 00282nam a2200121Ia 4500
008 220204s9999 xx 000 0 und d
082 _a547
_bKEL
100 _aKelley, Louise
245 0 _aOrganic chemistry
250 _aEd.2
260 _aNew York
_bMcGraw Hill
_c1957
942 _cBK
999 _c19746
_d19746